Algebra (Registro nro. 1073)
[ vista simple ]
| 000 -LEADER | |
|---|---|
| fixed length control field | 01122 a2200229 4500 |
| 001 - CONTROL NUMBER | |
| control field | 22962 |
| 005 - DATE AND TIME OF LATEST TRANSACTION | |
| control field | 20260407155519.0 |
| 008 - FIXED-LENGTH DATA ELEMENTS--GENERAL INFORMATION | |
| fixed length control field | 260407a2001 arg spa d |
| 003 - CONTROL NUMBER IDENTIFIER | |
| control field | AR-UNSa-BCEJYS |
| 040 ## - CATALOGING SOURCE | |
| Original cataloging agency | AR-UNSa-BCEJYS |
| Language of cataloging | spa |
| Transcribing agency | AR-UNSa-BCEJYS |
| 080 ## - UNIVERSAL DECIMAL CLASSIFICATION NUMBER | |
| Universal Decimal Classification number | 512 |
| Common auxiliary subdivision | Algebra |
| 020 ## - INTERNATIONAL STANDARD BOOK NUMBER | |
| International Standard Book Number | 968-18-0116-4 |
| 100 1# - MAIN ENTRY--PERSONAL NAME | |
| Personal name | Lehmann, Charles H. |
| 245 10 - TITLE STATEMENT | |
| Title | Algebra |
| 264 #1 - PRODUCTION, PUBLICATION, DISTRIBUTION, MANUFACTURE, AND COPYRIGHT NOTICE | |
| Place of production, publication, distribution, manufacture | México : |
| Name of producer, publisher, distributor, manufacturer | Limusa |
| Date of production, publication, distribution, manufacture, or copyright notice | 2001 |
| 300 ## - PHYSICAL DESCRIPTION | |
| Extent | xiii, 446 p. |
| Dimensions | 23 cm. |
| 505 ## - FORMATTED CONTENTS NOTE | |
| Formatted contents note | 1. Conceptos fundamentales - 2. Operaciones algebraicas - 3. Concepto de función - 4. La función lineal - 5. La función cuadrática - 6. Desigualdades e inecuaciones - 7. Inducción matemática. Teorema del binomio - 8. Números complejos - 9. Variación de funciones - 10. Progresiones - 11. Teoría de las ecuaciones - 12. Fracciones parciales - 13. Permutaciones y combinaciones - 14. Probabilidad - 15. Determinantes - 16. Logaritmos - 17. Interés y anualidades<br/> |
| 590 ## - LOCAL NOTE (RLIN) | |
| Local note | niveau_biblio:m niveau_hierar:0 |
| 700 1# - ADDED ENTRY--PERSONAL NAME | |
| Personal name | Hoyos, Tomas de |
| 856 41 - ELECTRONIC LOCATION AND ACCESS | |
| Uniform Resource Identifier | <a href="https://biblioeco.unsa.edu.ar/pmb/images/libros/?lgebra.jpg">https://biblioeco.unsa.edu.ar/pmb/images/libros/?lgebra.jpg</a> |
| Link text | Imagen de portada |
| Electronic format type | image/jpeg |
| 942 ## - ADDED ENTRY ELEMENTS (KOHA) | |
| Koha item type | |
| Withdrawn status | Lost status | Damaged status | Not for loan | Home library | Current library | Shelving location | Date acquired | Total checkouts | Full call number | Barcode | Date last seen | Price effective from | Koha item type | Public note |
|---|---|---|---|---|---|---|---|---|---|---|---|---|---|---|
| Biblioteca Prof. Eusebio Cleto del Rey | Biblioteca Prof. Eusebio Cleto del Rey | 07/04/2026 | 512 L523/2001 | L87822 | 07/04/2026 | 07/04/2026 | Libro | |||||||
| Biblioteca Prof. Eusebio Cleto del Rey | Biblioteca Prof. Eusebio Cleto del Rey | 07/04/2026 | 512 L523/2001 | L87826 | 07/04/2026 | 07/04/2026 | Libro | |||||||
| Biblioteca Prof. Eusebio Cleto del Rey | Biblioteca Prof. Eusebio Cleto del Rey | 07/04/2026 | 512 L523/2001 | L87825 | 07/04/2026 | 07/04/2026 | Libro | PRIMERA PÁG ESCRITA - RESALTADOR - ÚLTIMA PÁG UN POCO ROTA | ||||||
| Biblioteca Prof. Eusebio Cleto del Rey | Biblioteca Prof. Eusebio Cleto del Rey | 07/04/2026 | 512 L523/2001 | L87824 | 07/04/2026 | 07/04/2026 | Libro | |||||||
| Biblioteca Prof. Eusebio Cleto del Rey | Biblioteca Prof. Eusebio Cleto del Rey | 07/04/2026 | 512 L523/2001 | L87823 | 07/04/2026 | 07/04/2026 | Libro |